000 00596cam a2200181 4500500
005 20260405003826.0
041 _afre
042 _adc
100 1 0 _aLarmagnac-Matheron, Octave
_eauthor
245 0 0 _a“La philosophie du quotidien” à la Bibliothèque nationale de France
260 _c2024.
500 _a17
690 _aCroyances
690 _aQuotidien
690 _aSebastian Dieguez
786 0 _nPhilosophie magazine | 177 | 3 | 2024-03-01 | p. 7-7 | 1951-1787
856 4 1 _uhttps://shs.cairn.info/magazine-philosophie-magazine-2024-3-page-7?lang=fr&redirect-ssocas=7080
999 _c2071185
_d2071185